000 00515nam a2200181Ia 4500
005 20250508152205.0
008 008 250505s9999 xx 000 0 eng d
037 _aTextual
040 _aFEDL
_beng
_cFEDL
041 _aeng
_2eng
084 _a351.42, MAC
_qFEDL
100 _aMackenzie W.J.M.
_9760986
245 0 _aCentral administration in Britain
260 _aLondon, UK
_bLongmans, Green and Co.
_c1957
300 _axvi,487p.
942 _cTEXL
_h351.42, MAC
999 _c1334866
_d1334866